Statistics for Cities in Movies

Click here to take the quiz!

General Stats

  • This quiz has been taken 46 times
  • The average score is 5 of 12

Answer Stats

HintAnswer% Correct
Good Will HuntingBoston
80%
Home AloneChicago
70%
Gran TorinoDetroit
67%
District 9Johannesburg
67%
VertigoSan Francisco
50%
The Sixth SensePhiladelphia
40%
Match PointLondon
37%
Pusher (1996)Copenhagen
30%
Only God ForgivesBangkok
27%
Wings of DesireBerlin
27%
The Tin DrumDanzig
3%
Election (2005)Hong Kong
3%

Score Distribution

Percentile by Number Answered

Percent of People with Each Score

Your Score History

You have not taken this quiz